Ochrana vlka dravého ako súčasť environmentálnej diplomacie – prípad Slovenskej republiky

Ochrana vlka dravého na príklade Slovenskej republiky. Problematika ochrany, súčasné legislatívne zmeny a postoje zúčastnených aktérov environmentálnej diplomacie. Súčasný stav ochrany vlka dravého na Slovensku a kvóty na jeho lov.

Na minha lista:
Detalhes bibliográficos
Autor principal: Janubová, Barbora, 1991-
Formato: Capítulo de Livro
Idioma:eslovaco
Assuntos:
Tags: Adicionar Tag
Sem tags, seja o primeiro a adicionar uma tag!

MARC

LEADER 00000naa$a2200000$$$4500
001 0277571
005 20250324135647.8
041 0 |a slo 
044 |a SK 
245 1 0 |a Ochrana vlka dravého ako súčasť environmentálnej diplomacie – prípad Slovenskej republiky  |c Barbora Janubová 
520 |a Ochrana vlka dravého na príklade Slovenskej republiky. Problematika ochrany, súčasné legislatívne zmeny a postoje zúčastnených aktérov environmentálnej diplomacie. Súčasný stav ochrany vlka dravého na Slovensku a kvóty na jeho lov. 
610 2 0 |a diplomacia 
610 2 0 |a environmentalistika 
610 2 0 |a zvieratá 
610 2 0 |a ochrana prírody 
610 2 0 |a legislatíva 
610 2 0 |a Slovensko 
100 1 |a Janubová, Barbora, 1991-